Statistics for Alphabet in 30 Seconds In Order

Click here to take the quiz!

General Stats

  • This quiz has been taken 165 times
  • The average score is 22 of 26

Answer Stats

Letter #27Letter% Correct
1a
98%
2b
98%
3c
98%
4d
97%
5e
93%
6f
93%
7g
93%
8h
91%
9i
88%
10j
88%
11k
84%
12l
84%
13m
84%
14n
83%
15o
83%
16p
83%
17q
83%
18r
83%
19s
78%
20t
78%
21u
74%
22v
74%
23w
72%
24x
71%
26z
67%
25y
66%

Score Distribution

Percentile by Number Answered

Percent of People with Each Score

Your Score History

You have not taken this quiz